<?xml version="1.0" encoding="UTF-8"?>
<record
    xmlns:xsi="http://www.w3.org/2001/XMLSchema-instance"
    xsi:schemaLocation="http://www.loc.gov/MARC21/slim http://www.loc.gov/standards/marcxml/schema/MARC21slim.xsd"
    xmlns="http://www.loc.gov/MARC21/slim">

  <leader>01525cam a2200205 a 4500</leader>
  <datafield tag="020" ind1=" " ind2=" ">
    <subfield code="a">9780393064728 (hbk.)</subfield>
  </datafield>
  <datafield tag="020" ind1=" " ind2=" ">
    <subfield code="a">0393064727 (hbk.)</subfield>
  </datafield>
  <datafield tag="041" ind1=" " ind2=" ">
    <subfield code="a">ENG</subfield>
  </datafield>
  <datafield tag="082" ind1="0" ind2="0">
    <subfield code="a">940.1</subfield>
    <subfield code="b">LEW</subfield>
  </datafield>
  <datafield tag="100" ind1="1" ind2=" ">
    <subfield code="a">Lewis, David L.,</subfield>
  </datafield>
  <datafield tag="245" ind1="1" ind2="0">
    <subfield code="a">God's crucible : Islam and the Making of Europe, 570-1215 </subfield>
  </datafield>
  <datafield tag="250" ind1=" " ind2=" ">
    <subfield code="a">1st ed.</subfield>
  </datafield>
  <datafield tag="260" ind1=" " ind2=" ">
    <subfield code="a">New York :</subfield>
    <subfield code="b">W.W. Norton,</subfield>
    <subfield code="c">c2008.</subfield>
  </datafield>
  <datafield tag="300" ind1=" " ind2=" ">
    <subfield code="a">xxv, 473 p., [8] p. of plates :</subfield>
    <subfield code="b">ill. (some col.), maps ;</subfield>
  </datafield>
  <datafield tag="505" ind1="0" ind2=" ">
    <subfield code="a">The superpowers -- "The Arabs are coming!" -- "Jihad!" -- The co-opted caliphate and the stumbling Jihad -- The year 711 -- Picking up the pieces after Rome -- The myth of Poitiers -- The fall and rise of the Umayyads -- Saving the popes -- An empire of force and faith -- Carolingian Jihads: Roncesvalles and Saxony -- The great mosque -- The first Europe, briefly -- Equipoise--delicate and doomed -- Disequilibrium Pelayo's revenge -- Knowledge transmitted, rationalism repudiated: Ibn Rushd and Musa ibn Maymun.</subfield>
  </datafield>
  <datafield tag="520" ind1=" " ind2=" ">
    <subfield code="a">In this panoramic history of Islamic culture in early Europe, a Pulitzer Prize winning historian re-examines what we thought we knew. Lewis reveals how cosmopolitan, Muslim al-Andalus flourished--a beacon of cooperation and tolerance between Islam, Judaism, and Christianity--while proto-Europe made virtues out of hereditary aristocracy, religious intolerance, perpetual war, and slavery.--From publisher description.</subfield>
  </datafield>
  <datafield tag="650" ind1=" " ind2="0">
    <subfield code="a">Civilization, Medieval.</subfield>
  </datafield>
  <datafield tag="856" ind1="4" ind2="1">
    <subfield code="u">http://www.loc.gov/catdir/toc/ecip0727/2007038000.html</subfield>
  </datafield>
  <datafield tag="942" ind1=" " ind2=" ">
    <subfield code="c">BK</subfield>
  </datafield>
  <datafield tag="952" ind1=" " ind2=" ">
    <subfield code="0">0</subfield>
    <subfield code="1">0</subfield>
    <subfield code="4">0</subfield>
    <subfield code="7">0</subfield>
    <subfield code="a">HMI</subfield>
    <subfield code="b">HMI</subfield>
    <subfield code="c">GEN</subfield>
    <subfield code="d">2023-09-07</subfield>
    <subfield code="e">Netherlands</subfield>
    <subfield code="g">3618.00</subfield>
    <subfield code="l">0</subfield>
    <subfield code="o">940.1 LEW</subfield>
    <subfield code="p">11-4730</subfield>
    <subfield code="r">2023-09-07</subfield>
    <subfield code="w">2023-09-07</subfield>
    <subfield code="y">BK</subfield>
  </datafield>
  <datafield tag="999" ind1=" " ind2=" ">
    <subfield code="c">23350</subfield>
    <subfield code="d">23350</subfield>
  </datafield>
</record>
